000 01578nam0a2200361 4500
001 RU\NLR\BIBL_A\022540767
005 20260420044359.0
010 _a978-5-04-184760-9
_92000
021 _aRU
_bКН-П-25-016008
_9КН-П-25-1631
035 _a(NLR Aleph) 022540767
090 _a13672496
_c13672496
100 _a20250514d2025 u y0rusy50 ca
101 1 _arus
_ceng
102 _aRU
105 _aac j 010yy
181 0 _ai
_baxxe
182 0 _an
200 1 _aРабота с актерами
_eпособие для режиссера
_eсоздание незабываемых постановок для кино и телевидения
_e[юбилейное 25-е издание]
_fДжудит Уэстон
_gпод редакцией Дины Додиной
_g[перевод с английского А. Иевлевой]
203 _aТекст
_bвизуальный
_cнепосредственный
210 _aМосква
_cЭксмо, Бомбора
_d2025
215 _a477 с.
_cтабл., портр.
_d22
225 1 _aМастерская кино
_iСекреты киноиндустрии
320 _aДругие кн. авт. на 477-й с.
333 _a16+
606 1 _aРежиссерское искусство
_91056965
_3RU\NLR\AUTH\6691202
606 1 _aАктерское искусство
_92100517
_3RU\NLR\AUTH\661270415
686 1 _aЩ334.075
686 1 _aЩ334.076
700 1 _aУэстон
_bД.
_gДжудит
942 _cBOOK
980 _aNB